000 00580nam a22001817a 4500
999 _c59297
_d59297
005 20230116115223.0
008 230116s2021ge xxu||||| |||| 00| 0 ger d
020 _a 9783126071741 X
041 _ager
080 _a811.112.1 R-95
100 _aRusch, Paul
_915285
245 _a Netzwerk neu B1 Intensivtrainer /
_cPaul Rusch
264 _aStuttgart :
_bErnst Klett Sprachen,
_c 2021.
300 _a 80 p:.
_bIllust ;
_c28 cm.
653 _aNetzwerk neu B1 Intensivtrainer
653 _aგერმანული, როგორც უცხო ენა
942 _2udc
_cBK